书目信息 |
| 题名: |
CAXA电子图板·建筑实用案例教程
|
|
| 作者: | 胡建生 , 贾艳东 编著 | |
| 分册: | ||
| 出版信息: | 北京 机械工业出版社 2002.03 |
|
| 页数: | 291页 | |
| 开本: | 26cm | |
| 丛书名: | CAXA电子图板应用教程系列丛书 | |
| 单 册: | ||
| 中图分类: | TU204 | |
| 科图分类: | ||
| 主题词: | 建筑设计 | |
| 电子资源: | ||
| ISBN: | 7-111-09890-0 | |
| 000 | 00763nam0 2200229 45 | |
| 001 | 0259788254 | |
| 005 | 2002111816362825 | |
| 010 | @a7-111-09890-0@dRMB 31.00 | |
| 100 | @a20021118d2002 km y0chiy0120 ea | |
| 101 | 0 | @achi |
| 102 | @aCN@b110000 | |
| 200 | 1 | @aCAXA电子图板·建筑实用案例教程@ACAXA dian zi tu ban·jian zhu shi yong an li jiao cheng@f胡建生,贾艳东等编著@Fhu jian sheng,jia yan dong deng bian zhu |
| 210 | @a北京@c机械工业出版社@d2002.03 | |
| 215 | @a291页@d26cm | |
| 225 | 2 | @aCAXA电子图板应用教程系列丛书 |
| 461 | 0 | @12001 @aCAXA电子图板应用教程系列丛书 |
| 606 | 0 | @a建筑设计 |
| 690 | @aTU204@v3 | |
| 701 | 0 | @a胡建生@Ahu jian sheng@4编著 |
| 701 | 0 | @a贾艳东@Ajia yan dong@4编著 |
| 801 | 0 | @aCN@bPFT@c20021118 |
| 905 | @a10447@dTU204@eH470 | |
| CAXA电子图板·建筑实用案例教程/胡建生,贾艳东等编著.-北京:机械工业出版社,2002.03 |
| 291页;26cm.-(CAXA电子图板应用教程系列丛书) |
| ISBN 7-111-09890-0:RMB 31.00 |
| ● |
| 相关链接 |
|
|
|
正题名:CAXA电子图板·建筑实用案例教程
索取号:TU204/H470
 
预约/预借
| 序号 | 登录号 | 条形码 | 馆藏地/架位号 | 状态 | 备注 |
| 1 | 360584 | 203605848 | 建筑库101/101建筑库 108排3列2层/ [索取号:TU204/H470] | 在馆 | |
| 2 | 360585 | 203605857 | 建筑库101/101建筑库 108排3列2层/ [索取号:TU204/H470] | 在馆 | |
| 3 | 360586 | 203605866 | 建筑库101/101建筑库 108排3列2层/ [索取号:TU204/H470] | 在馆 |